| 000 | 00903nam a2200289Ia 4500 | ||
|---|---|---|---|
| 003 | OSt | ||
| 005 | 20221007123222.0 | ||
| 006 | a|||||r|||| 00| 0 | ||
| 007 | ta | ||
| 008 | 221006b |||||||| |||| 00| 0 eng d | ||
| 020 |
_a9971501872 (pbk) _c _ 32.00 |
||
| 024 | _a2793 | ||
| 037 |
_bShankar, _cTextual |
||
| 040 |
_aPAPL _cPAPL _beng |
||
| 041 |
_2eng _aeng |
||
| 082 | _aB6:30bC, N2 | ||
| 100 |
_aVisconti A _9716887 |
||
| 245 | 0 | _aIntroductory differential geometry for physicists by A Visconti | |
| 260 |
_aSingapore _bWorld Scientific _c1992 |
||
| 300 |
_a415p _ccm. |
||
| 500 | _a23/CSL/94-95/Carpa/1821^d1994-07-27^mPurchase; ; 1994-12-30^bSB^c1995-04-25^bSB | ||
| 650 |
_a Differential Geometry for Physicists _9716888 |
||
| 650 | _a Geometry | ||
| 650 | _aMathematics | ||
| 942 |
_hB6:30bC, N2 _cTEXL _2CC |
||
| 999 |
_c1211550 _d1211550 |
||